00707nam a2200205Ia 4500003000400000008004100004040001600045082001900061100002000080245006700100260005100167300001400218650001000232650001800242650001600260942001200276999001700288952009800305952009800403GCL140319s9999    xx            000 0 eng d  aGCL / cGCL04aCCb726.1bW R1 aWEIGALL, ARTHUR10aA REPORT ON THE ANTIQUITIES OF LOWER NUBIA / cWEIGALL, ARTHUR  a[S.N] : bDEPARTEMENT OF ANTIQUITIES ، c1978  a142+94 PL04aNUBIA04aANCIENT EGYPT04aARCHAEOLOGY  2ddccBK  c16910d16910  00104070aCAIbCAId2014-03-26l0oCC\726.1\W Rp30546r2014-03-26 00:00:00w2014-03-26yBK  00104070aCAIbCAId2014-03-26l0oCC\726.1\W Rp30547r2014-03-26 00:00:00w2014-03-26yBK